00478nam a22001577a 450000500170000001000150001702000260003203500130005803700130007108200080008410000110009224500860010326000490018927000600023830000220029820100820150024.0 aENG-101050 c250.00a9788186219904 aEN-84583 bDBAD/PUB a050 aSahmat aSahmat 20 years 1989-2009 :cby Sahmatba document of activities and statements / aNew DelhibSafdar Hahmi Memorial Trustc2009 a8 Vitthalbhai Patel House, Rafi MargbNew Delhie1100013 a366p.c22cm (pbk)